|
|
|
|
| LEADER |
01612nam a2200301 a 4500 |
| 001 |
277842 |
| 008 |
090528s1961 maua b 000 0 eng d |
| 010 |
|
|
|a 61005308
|
| 020 |
|
|
|a 8185198020
|
| 040 |
|
|
|a DLC/ICU
|c ICU
|d DLC
|
| 082 |
0 |
0 |
|a 530.12
|2 16
|
| 999 |
|
|
|c 1107
|d 1107
|
| 999 |
|
|
|c 1107
|
| 100 |
1 |
|
|a Powell, John L.
|q (John Leonard),
|d 1919-
|9 984
|
| 245 |
0 |
0 |
|a Quantum mechanics,
|c by John L. Powell and Bernd Crasemann.
|
| 260 |
|
|
|a New Delhi, India :
|b Narosa Pub. House,
|c c1965
|
| 300 |
|
|
|a x, 508 p. :
|b illus. ;
|c 24 cm.
|
| 504 |
|
|
|a Includes bibliography.
|
| 541 |
1 |
|
|e 00013222
|
| 650 |
|
0 |
|a Quantum theory.
|9 985
|
| 700 |
1 |
|
|a Crasemann, Bernd,
|e joint author.
|9 986
|
| 852 |
4 |
|
|a Ayesha Abed Library
|j General Shelf.
|
| 942 |
|
|
|2 ddc
|c BK
|
| 952 |
|
|
|0 0
|1 0
|2 ddc
|4 0
|6 530_120000000000000_POW
|7 0
|9 14067
|a BRACUL
|b BRACUL
|c GEN
|d 2011-01-22
|g 275.00
|l 3
|m 48
|o 530.12 POW
|p 3010013222
|r 2026-03-30
|s 2026-03-30
|t 1
|w 2011-01-22
|y BK
|
| 952 |
|
|
|0 0
|1 0
|2 ddc
|4 0
|6 530_120000000000000_POW
|7 0
|9 14068
|a BRACUL
|b BRACUL
|c GEN
|d 2011-01-22
|g 275.00
|l 6
|m 121
|o 530.12 POW
|p 3010013223
|r 2025-12-23
|s 2025-07-14
|t 2
|w 2011-01-22
|y BK
|
| 952 |
|
|
|0 0
|1 0
|2 ddc
|4 0
|6 530_120000000000000_POW
|7 0
|9 14069
|a BRACUL
|b BRACUL
|c GEN
|d 2011-01-22
|l 3
|m 52
|o 530.12 POW
|p 3010016196
|r 2025-07-08
|s 2025-02-09
|t 3
|w 2011-01-22
|y BK
|
| 952 |
|
|
|0 0
|1 0
|2 ddc
|4 0
|6 530_120000000000000_POW
|7 0
|9 14070
|a BRACUL
|b BRACUL
|c GEN
|d 2011-01-22
|l 3
|m 21
|o 530.12 POW
|p 3010016195
|r 2025-08-17
|s 2025-02-09
|t 4
|w 2011-01-22
|y BK
|
| 952 |
|
|
|0 0
|1 0
|2 ddc
|4 0
|6 530_120000000000000_POW
|7 0
|9 44544
|a BRACUL
|b BRACUL
|c GEN
|d 2014-12-23
|l 2
|m 13
|o 530.12 POW
|p 3010016194
|r 2025-08-10
|s 2025-08-02
|t 5
|w 2014-12-23
|y BK
|